| 000 | 00830nam a22002057a 4500 | ||
|---|---|---|---|
| 999 |
_c58550 _d58550 |
||
| 003 | Ge_BSU | ||
| 005 | 20220602101706.0 | ||
| 008 | 220602s1994 ge ||||| |||| 00| 0 geo d | ||
| 041 | _ageo | ||
| 080 | _a1(38) + 11 + 113/119 პ-43 | ||
| 100 |
_aპლატონი _9108 |
||
| 245 |
_aტიმეოსი / _cძვ. ბერძნ. თარგმნა..ბაჩანა ბრეგვაძემ. |
||
| 264 |
_aთბილისი : _bირმისა, _c1994. |
||
| 300 |
_a464 გვ. ; _b20 სმ. |
||
| 653 | _aძველი ბერძნული ფილოსოფია. | ||
| 653 | _aმეტაფიზიკა. | ||
| 653 | _aნატურფილოსოფია. | ||
| 700 |
_aბრეგვაძე, ბაჩანა _eმთარგმნელი _93536 |
||
| 942 |
_2udc _cBK |
||